Home Bible Study Course; vol. 5. (Record no. 1582)

000 -LEADER
fixed length control field 00588nam a2200181 a 4500
001 - CONTROL NUMBER
control field :::00017767$&:&@@
003 - CONTROL NUMBER IDENTIFIER
control field OkBaRHE
005 - DATE AND TIME OF LATEST TRANSACTION
control field 20100326170514.0
008 - FIXED-LENGTH DATA ELEMENTS--GENERAL INFORMATION
fixed length control field s1976 j 000 0 eng u
040 ## - CATALOGING SOURCE
Transcribing agency
100 1# - MAIN ENTRY--PERSONAL NAME
Personal name Corvin, R. O. (Raymond O.).
245 10 - TITLE STATEMENT
Title Home Bible Study Course; vol. 5.
260 ## - PUBLICATION, DISTRIBUTION, ETC. (IMPRINT)
Place of publication, distribution, etc Charlotte, NC., :
Name of publisher, distributor, etc PTL Television Network, Inc.
Date of publication, distribution, etc 1976
300 ## - PHYSICAL DESCRIPTION
Extent v. (1-5) ;
Dimensions 28 cm.
650 ## - SUBJECT ADDED ENTRY--TOPICAL TERM
Topical term or geographic name as entry element Bible
General subdivision Study
-- Outlines, Syllabi, etc.
942 ## - ADDED ENTRY ELEMENTS (KOHA)
Source of classification or shelving scheme
Koha item type Books
Copies
Collection code Source of classification or shelving scheme Shelving location Not for loan Date last seen Koha item type Copy number Lost status Withdrawn status Full call number Barcode Permanent Location Date acquired Price effective from Damaged status
Reference General Stacks 2018-03-28Books1  BS 591 .C5817767RHEMA Bible Training College2010-04-142010-04-14